[Event "Nettetal Chessgate op"]
[Site "Nettetal"]
[Date "2004.08.15"]
[Round "9"]
[White "Eggert, Wolfgang"]
[Black "Keuter, Sven"]
[Result "0-1"]
[WhiteElo "1833"]
[BlackElo "1496"]
[PlyCount "82"]
[EventDate "2004.08.07"]
[EventType "swiss"]
[EventRounds "9"]
[EventCountry "GER"]
[SourceTitle "EXT 2006"]
[Source "ChessBase"]
[SourceDate "2005.11.24"]
[SourceVersion "1"]
[SourceVersionDate "2005.11.24"]
[SourceQuality "1"]

1. e4 e6 2. d4 d5 3. Nd2 c5 4. exd5 exd5 5. Bb5+ Nc6 6. Qe2+ Qe7 7. dxc5 Qxe2+ 8. Nxe2 Bxc5 9. Nb3 Bb6 10. c3 Bd7 11. 0-0 Nf6 12. Bf4 0-0 13. Bd3 Rfe8 14. h3 Ne4 15. g4 h5 16. Kg2 g5 17. Bg3 hxg4 18. hxg4 Bxg4 19. f3 Nxg3 20. Nxg3 Ne5 21. Bb5 Bxf3+ 22. Rxf3 Nxf3 23. Kxf3 Re3+ 24. Kg4 a6 25. Bf1 Rae8 26. Bg2 Bc7 27. Nh5 Kh7 28. Bxd5 Kg6 29. Rf1 f5+ 30. Rxf5 R8e4+ 31. Bxe4 Rxe4+ 32. Kf3 Kxf5 33. Ng3+ Bxg3 34. Kxg3 Re3+ 35. Kf2 Rh3 36. Kg2 Kg4 37. Nc5 Rg3+ 38. Kf2 Kh3 39. Ne4 Rg2+ 40. Ke3 g4 41. Nd2 Rxd2 0-1

[Event "Nettetal Chessgate op"]
[Site "Nettetal"]
[Date "2004.08.14"]
[Round "8"]
[White "Schuetze, Norman"]
[Black "Eggert, Wolfgang"]
[Result "1-0"]
[WhiteElo "2092"]
[BlackElo "1833"]
[PlyCount "125"]
[EventDate "2004.08.07"]
[EventType "swiss"]
[EventRounds "9"]
[EventCountry "GER"]
[SourceTitle "EXT 2006"]
[Source "ChessBase"]
[SourceDate "2005.11.24"]
[SourceVersion "1"]
[SourceVersionDate "2005.11.24"]
[SourceQuality "1"]

1. e4 c6 2. d4 d5 3. Nc3 dxe4 4. Nxe4 Bf5 5. Ng3 Bg6 6. h4 h6 7. Nf3 Nd7 8. h5 Bh7 9. Bd3 Bxd3 10. Qxd3 e6 11. Bf4 Ngf6 12. 0-0-0 Be7 13. Kb1 0-0 14. Ne4 Nxe4 15. Qxe4 Nf6 16. Qe2 Qd5 17. Ne5 Qe4 18. Qxe4 Nxe4 19. Rhe1 Nf6 20. g4 Rfd8 21. Rd3 c5 22. dxc5 Bxc5 23. f3 Rxd3 24. Nxd3 Be7 25. c4 Nh7 26. Ne5 Rd8 27. Kc2 Ng5 28. Re3 Nh3 29. Bh2 Bg5 30. Rd3 Rxd3 31. Nxd3 Be3 32. Kd1 Nf2+ 33. Ke2 Nxd3 34. Kxd3 Bc1 35. b4 Kf8 36. Bd6+ Ke8 37. b5 Bb2 38. c5 Ba3 39. Kc4 Bc1 40. c6 bxc6 41. bxc6 a6 42. Be5 g6 43. Bf6 gxh5 44. gxh5 Bf4 45. Kd4 Bc1 46. Ke4 Bd2 47. Bh4 Bc1 48. Ke5 Ba3 49. Ke4 Bb2 50. Kd3 Be5 51. Kc4 Bf4 52. Kd4 Bc1 53. Ke5 Bd2 54. c7 Kd7 55. Kf6 e5 56. Kxf7 Bf4 57. Bd8 Bg3 58. Kg6 Bf4 59. Kf5 Bg3 60. Ke4 Kc8 61. Bf6 Kxc7 62. Bxe5+ Bxe5 63. Kxe5 1-0

[Event "Nettetal Chessgate op"]
[Site "Nettetal"]
[Date "2004.08.11"]
[Round "5"]
[White "Harms, Friedhelm"]
[Black "Eggert, Wolfgang"]
[Result "1/2-1/2"]
[WhiteElo "1605"]
[BlackElo "1833"]
[PlyCount "84"]
[EventDate "2004.08.07"]
[EventType "swiss"]
[EventRounds "9"]
[EventCountry "GER"]
[SourceTitle "EXT 2006"]
[Source "ChessBase"]
[SourceDate "2005.11.24"]
[SourceVersion "1"]
[SourceVersionDate "2005.11.24"]
[SourceQuality "1"]

1. d4 Nf6 2. b3 d5 3. Bb2 Bf5 4. Nd2 e6 5. g3 Bd6 6. Bg2 Nbd7 7. Ngf3 c6 8. 0-0 Qc7 9. Rc1 e5 10. Nh4 Bg4 11. dxe5 Bxe5 12. Bxe5 Qxe5 13. Nhf3 Qh5 14. Qe1 0-0-0 15. c4 Bh3 16. cxd5 Nxd5 17. Nd4 Bxg2 18. Kxg2 Rhe8 19. Nc4 N7b6 20. Nxb6+ Nxb6 21. Qc3 Qd5+ 22. Nf3 f6 23. Qc2 Qe4 24. Qxe4 Rxe4 25. e3 Rd5 26. Rfd1 Kc7 27. Nd4 a6 28. Kf3 Ree5 29. Ke2 Kd8 30. Nf3 Rxd1 31. Rxd1+ Rd5 32. e4 Rxd1 33. Kxd1 c5 34. Nd2 Ke7 35. Kc2 Nc8 36. Kd3 b5 37. f4 Kd6 38. h4 Ne7 39. Nf3 Nc6 40. Kc3 Nb4 41. a3 Nc6 42. g4 Ke6 1/2-1/2